[Event "CP-2014-Q-00009"]
[Site "LSS email"]
[Date "2014.12.02"]
[Round "?"]
[White "Morcin, Tom"]
[Black "Eshuis, Johannes"]
[Result "1-0"]
[WhiteElo "2233"]
[BlackElo "2210"]
[PlyCount "25"]
[EventDate "2014.12.08"]
[EventType "tourn (corr)"]
[EventRounds "6"]
[EventCountry "GER"]
[SourceTitle "Corr 2022"]
[Source "ChessBase"]
[SourceDate "2021.10.24"]
[SourceVersion "1"]
[SourceVersionDate "2021.10.24"]
[SourceQuality "1"]

1. e4 e6 2. d3 d5 3. Nd2 Nf6 4. Ngf3 Bc5 5. e5 Nfd7 6. d4 Be7 7. Bd3 c5 8. c3 Nc6 9. 0-0 a5 10. a4 0-0 11. Bb5 cxd4 12. cxd4 f6 13. exf6 1-0

[Event "RA-2014-0-00363"]
[Site "LSS email"]
[Date "2014.11.27"]
[Round "?"]
[White "Eshuis, Johannes"]
[Black "Morcin, Tom"]
[Result "0-1"]
[WhiteElo "1857"]
[BlackElo "2095"]
[PlyCount "50"]
[EventDate "2014.11.03"]
[EventType "tourn (corr)"]
[EventRounds "6"]
[EventCountry "GER"]
[SourceTitle "Corr 2015"]
[Source "ChessBase"]
[SourceDate "2015.07.17"]
[SourceVersion "1"]
[SourceVersionDate "2015.07.17"]
[SourceQuality "1"]

1. e4 c5 2. Nf3 Nc6 3. d4 cxd4 4. Nxd4 Nf6 5. Nc3 e5 6. Ndb5 d6 7. Bg5 a6 8. Na3 b5 9. Nd5 Be7 10. Bxf6 Bxf6 11. c3 Rb8 12. Nc2 Bg5 13. a4 bxa4 14. Ncb4 Nxb4 15. Nxb4 Bd7 16. Bxa6 0-0 17. Be2 Qb6 18. 0-0 Rb7 19. Bd3 Ra7 20. Qh5 Bd8 21. Qf3 Qc5 22. Na6 Qc8 23. Nb4 Qc5 24. Na6 Qb6 25. Nb4 Qc5 0-1

[Event "RA-2014-0-00363"]
[Site "LSS email"]
[Date "2014.11.27"]
[Round "?"]
[White "Eshuis, Johannes"]
[Black "Nowak, Ireneusz"]
[Result "0-1"]
[WhiteElo "1857"]
[BlackElo "2070"]
[PlyCount "46"]
[EventDate "2014.11.03"]
[EventType "tourn (corr)"]
[EventRounds "6"]
[EventCountry "GER"]
[SourceTitle "Corr 2015"]
[Source "ChessBase"]
[SourceDate "2015.07.17"]
[SourceVersion "1"]
[SourceVersionDate "2015.07.17"]
[SourceQuality "1"]

1. e4 e5 2. Nf3 Nc6 3. Bc4 Bc5 4. b4 Bxb4 5. c3 Ba5 6. d4 exd4 7. 0-0 Nge7 8. Ng5 d5 9. exd5 Ne5 10. Qxd4 f6 11. Re1 Bb6 12. Qh4 Nxc4 13. Qxc4 fxg5 14. d6 Qxd6 15. Bxg5 Be6 16. Qxe6 Qxe6 17. Rxe6 0-0 18. Bxe7 Rae8 19. Bxf8 Rxe6 20. Kf1 Kxf8 21. Nd2 Bc5 22. Rb1 b6 23. f3 Be7 0-1

[Event "SA-2014-0-00437"]
[Site "LSS email"]
[Date "2014.10.12"]
[Round "?"]
[White "Eshuis, Johannes"]
[Black "Jarabinsky, Martin"]
[Result "0-1"]
[WhiteElo "2202"]
[BlackElo "2265"]
[PlyCount "36"]
[EventDate "2014.09.26"]
[EventType "tourn (corr)"]
[EventRounds "6"]
[EventCountry "GER"]
[SourceTitle "Corr 2022"]
[Source "ChessBase"]
[SourceDate "2021.10.24"]
[SourceVersion "1"]
[SourceVersionDate "2021.10.24"]
[SourceQuality "1"]

1. e4 e5 2. f4 exf4 3. Nf3 g5 4. Bc4 g4 5. Nc3 gxf3 6. Qxf3 d6 7. d4 Qh4+ 8. g3 Qg4 9. Qf2 Be6 10. Bb5+ c6 11. Be2 fxg3 12. hxg3 Qg7 13. Bf4 Nf6 14. 0-0-0 Ng4 15. Qg1 Bc8 16. d5 Ne5 17. Kb1 Bg4 18. dxc6 bxc6 0-1

[Event "SA-2014-0-00437"]
[Site "LSS email"]
[Date "2014.10.12"]
[Round "?"]
[White "Khanas, Valeriy"]
[Black "Eshuis, Johannes"]
[Result "1-0"]
[WhiteElo "2311"]
[BlackElo "2202"]
[PlyCount "119"]
[EventDate "2014.09.26"]
[EventType "tourn (corr)"]
[EventRounds "6"]
[EventCountry "GER"]
[SourceTitle "Corr 2022"]
[Source "ChessBase"]
[SourceDate "2021.10.24"]
[SourceVersion "1"]
[SourceVersionDate "2021.10.24"]
[SourceQuality "1"]

1. e4 e6 2. d4 d5 3. Nc3 Bb4 4. exd5 exd5 5. Nf3 Ne7 6. Bd3 Nbc6 7. 0-0 Bg4 8. a3 Ba5 9. Ne2 Bxf3 10. gxf3 Bb6 11. c3 Qd7 12. Re1 0-0-0 13. b4 Rde8 14. a4 a5 15. b5 Nd8 16. Ng3 g6 17. f4 f5 18. Ra2 Kb8 19. Qb3 Ba7 20. Nf1 Nc8 21. Ne3 Nb6 22. Rae2 Ne6 23. Ng2 Nd8 24. Nh4 Rxe2 25. Bxe2 Nf7 26. Nf3 Qd8 27. Ne5 Nd6 28. f3 Qh4 29. Bd2 Rg8 30. Kh1 Qf2 31. Qd1 Qh4 32. Bd3 Qh3 33. Be3 Qh4 34. Qd2 Re8 35. Bf2 Qh6 36. Kg2 Rg8 37. Bg3 Qf8 38. Bc2 Ndc4 39. Qc1 h6 40. Bb3 Rg7 41. Qc2 Nd6 42. Qa2 Qg8 43. Bf2 Ka8 44. Kh1 Ndc4 45. Bg3 Re7 46. Bh4 g5 47. Bg3 Qe8 48. Qc2 Qc8 49. Re2 Rg7 50. Qa2 Qg8 51. Qb1 Qf8 52. Qd3 Nd6 53. Re1 Ndc8 54. Rg1 Nd6 55. Qe2 Qe8 56. fxg5 hxg5 57. Bf4 Qh5 58. Qf2 Rg8 59. Rg3 g4 60. Bc2 1-0

[Event "CP-2014-P-00062"]
[Site "LSS email"]
[Date "2014.09.30"]
[Round "?"]
[White "Sciarretta, Robert W"]
[Black "Eshuis, Johannes"]
[Result "1-0"]
[WhiteElo "2192"]
[BlackElo "2201"]
[PlyCount "131"]
[EventDate "2014.10.01"]
[EventType "tourn (corr)"]
[EventRounds "6"]
[EventCountry "GER"]
[SourceTitle "Corr 2022"]
[Source "ChessBase"]
[SourceDate "2021.10.24"]
[SourceVersion "1"]
[SourceVersionDate "2021.10.24"]
[SourceQuality "1"]

1. d4 Nf6 2. c4 c5 3. d5 b5 4. cxb5 a6 5. bxa6 g6 6. Nc3 Bg7 7. e4 0-0 8. Nf3 Qa5 9. Bd2 Bxa6 10. Be2 Bxe2 11. Qxe2 d6 12. a4 Qb4 13. 0-0 Nbd7 14. Rfe1 Ng4 15. Nd1 Qb6 16. a5 Qa6 17. Bc3 Rfb8 18. Nd2 Nge5 19. Qxa6 Rxa6 20. Re3 Bh6 21. Re2 Nd3 22. Nc4 Nc1 23. Re1 Nd3 24. Rf1 Bg7 25. Ra3 Bxc3 26. bxc3 g5 27. g3 N7e5 28. Nde3 g4 29. Kg2 Rb5 30. h3 h5 31. hxg4 hxg4 32. Rh1 Nxc4 33. Nxc4 Ne5 34. Nxe5 dxe5 35. Rh5 Raxa5 36. Rxa5 Rxa5 37. Rxe5 Kf8 38. Rg5 Ra3 39. c4 Rc3 40. Rxg4 Rxc4 41. Kf3 Rc1 42. Ke2 Rc2+ 43. Ke3 Rc3+ 44. Kd2 Ra3 45. Rh4 Ra2+ 46. Ke3 Ra3+ 47. Kf4 Ke8 48. Rh6 f6 49. Rh1 Rc3 50. Ra1 Rc2 51. Ke3 Rc3+ 52. Ke2 c4 53. Ra8+ Kd7 54. Ra6 Rb3 55. Rc6 c3 56. g4 Rb2+ 57. Ke3 c2 58. f3 Rb3+ 59. Kf4 Rb2 60. g5 fxg5+ 61. Kxg5 Rb3 62. Kf4 Rb2 63. Ke5 Ke8 64. f4 Ra2 65. f5 Kf7 66. Kd4 1-0

[Event "RA-2014-0-00351"]
[Site "LSS email"]
[Date "2014.09.30"]
[Round "?"]
[White "Willmann, Bernd"]
[Black "Eshuis, Johannes"]
[Result "1-0"]
[WhiteElo "2120"]
[BlackElo "2055"]
[PlyCount "93"]
[EventDate "2014.09.03"]
[EventType "tourn (corr)"]
[EventRounds "6"]
[EventCountry "GER"]
[SourceTitle "Corr 2015"]
[Source "ChessBase"]
[SourceDate "2015.07.17"]
[SourceVersion "1"]
[SourceVersionDate "2015.07.17"]
[SourceQuality "1"]

1. e4 c5 2. Nf3 d6 3. d4 cxd4 4. Nxd4 Nf6 5. Nc3 a6 6. Bg5 e6 7. f4 Be7 8. Qf3 h6 9. Bh4 g5 10. fxg5 Nfd7 11. Qh5 Ne5 12. Bg3 Qb6 13. 0-0-0 Bxg5+ 14. Kb1 Nbd7 15. Nxe6 Nf6 16. Nd5 Nxh5 17. Nxb6 Nxg3 18. hxg3 fxe6 19. Nxa8 Bd8 20. Rxd6 Ke7 21. Rd1 b5 22. Rh5 Ng4 23. a4 Ne3 24. Rxd8 Kxd8 25. Bd3 Bb7 26. Nb6 Kc7 27. a5 Nxg2 28. Kc1 Ne3 29. b4 Ng4 30. Rc5+ Bc6 31. c4 Nf2 32. Kc2 Nxd3 33. Kxd3 Rg8 34. cxb5 Rxg3+ 35. Kd4 axb5 36. Nd5+ exd5 37. exd5 Rg4+ 38. Ke5 Rg5+ 39. Ke6 Rg6+ 40. Kf5 Rg5+ 41. Ke4 Rg4+ 42. Kd3 Rg3+ 43. Ke2 Rb3 44. Rxc6+ Kd8 45. Rxh6 Rxb4 46. a6 Ra4 47. Kd2 1-0

[Event "SA-2014-0-00431"]
[Site "LSS email"]
[Date "2014.09.13"]
[Round "?"]
[White "Cardoso, Sergio"]
[Black "Eshuis, Johannes"]
[Result "1-0"]
[WhiteElo "2120"]
[BlackElo "2201"]
[PlyCount "58"]
[EventDate "2014.08.30"]
[EventType "tourn (corr)"]
[EventRounds "6"]
[EventCountry "GER"]
[SourceTitle "Corr 2022"]
[Source "ChessBase"]
[SourceDate "2021.10.24"]
[SourceVersion "1"]
[SourceVersionDate "2021.10.24"]
[SourceQuality "1"]

1. e4 c5 2. Nf3 d6 3. Bb5+ Nd7 4. 0-0 Ngf6 5. Re1 a6 6. Bf1 b6 7. d4 cxd4 8. Nxd4 Bb7 9. f3 e6 10. c4 Be7 11. b3 0-0 12. Nc3 Qc7 13. Bb2 Rfe8 14. Rc1 Rad8 15. g3 h5 16. Qd2 h4 17. Bh3 Ne5 18. Bg2 Qb8 19. Ba3 Nfd7 20. Rcd1 Nc5 21. f4 Bf6 22. Qe3 Ng6 23. Nde2 Qc7 24. Rf1 Rf8 25. Rd2 Be7 26. f5 Ne5 27. Bh3 Bc8 28. f6 gxf6 29. Qh6 Rfe8 1-0

[Event "SA-2014-0-00430"]
[Site "LSS email"]
[Date "2014.09.09"]
[Round "?"]
[White "Eshuis, Johannes"]
[Black "Usmanoff, Rustam"]
[Result "1/2-1/2"]
[WhiteElo "2197"]
[BlackElo "2252"]
[PlyCount "35"]
[EventDate "2014.08.26"]
[EventType "tourn (corr)"]
[EventRounds "6"]
[EventCountry "GER"]
[SourceTitle "Corr 2022"]
[Source "ChessBase"]
[SourceDate "2021.10.24"]
[SourceVersion "1"]
[SourceVersionDate "2021.10.24"]
[SourceQuality "1"]

1. e4 e5 2. Nf3 Nc6 3. d4 exd4 4. c3 dxc3 5. Bc4 cxb2 6. Bxb2 Bb4+ 7. Nc3 Nge7 8. 0-0 0-0 9. Nd5 Nxd5 10. exd5 Nb8 11. Rb1 Bc5 12. d6 Nc6 13. Re1 Bxd6 14. Qd5 Be7 15. Ng5 Nb4 16. Qxf7+ Rxf7 17. Nxf7 Qf8 18. Nh6+ 1/2-1/2

[Event "RA-2014-0-00345"]
[Site "LSS email"]
[Date "2014.08.29"]
[Round "?"]
[White "Eshuis, Johannes"]
[Black "Sorcinelli, Andrea"]
[Result "1-0"]
[WhiteElo "2055"]
[BlackElo "2110"]
[PlyCount "101"]
[EventDate "2014.08.15"]
[EventType "tourn (corr)"]
[EventRounds "6"]
[EventCountry "GER"]
[SourceTitle "Corr 2015"]
[Source "ChessBase"]
[SourceDate "2015.07.17"]
[SourceVersion "1"]
[SourceVersionDate "2015.07.17"]
[SourceQuality "1"]

1. e4 e6 2. d4 d5 3. Nc3 Bb4 4. e5 c5 5. a3 Bxc3+ 6. bxc3 Ne7 7. Qg4 Qc7 8. Qxg7 Rg8 9. Qxh7 cxd4 10. Ne2 Nbc6 11. f4 dxc3 12. h4 b6 13. Rh3 Ba6 14. Rxc3 Bc4 15. a4 Nxe5 16. fxe5 Qxe5 17. Rxc4 dxc4 18. c3 Rh8 19. Qb1 Rxh4 20. Qb5+ Qxb5 21. axb5 Rh5 22. Nd4 Nf5 23. Nxf5 Rxf5 24. Bxc4 Rc8 25. Bd3 Rd5 26. Be2 Rxc3 27. Bf4 e5 28. Bg5 Rc7 29. g4 Kd7 30. Ra3 Ke6 31. Rf3 Rdd7 32. Rf6+ Kd5 33. Bh6 Rd8 34. Kf2 Rg8 35. g5 Rg6 36. Bf3+ e4 37. Rf5+ Kd4 38. Bd1 Rd6 39. Be2 Rd5 40. Rf4 Ke5 41. Kg3 Kd4 42. Rf1 Rc2 43. Bh5 Ke5 44. Bg7+ Kd6 45. Bf6 Ke6 46. Re1 Rc4 47. Bg4+ Kd6 48. Be2 Rb4 49. Rc1 Rbxb5 50. Bxb5 Rxb5 51. Kf4 1-0

[Event "RA-2014-0-00345"]
[Site "LSS email"]
[Date "2014.08.29"]
[Round "?"]
[White "Morcin, Tom"]
[Black "Eshuis, Johannes"]
[Result "0-1"]
[WhiteElo "2116"]
[BlackElo "2055"]
[PlyCount "80"]
[EventDate "2014.08.15"]
[EventType "tourn (corr)"]
[EventRounds "6"]
[EventCountry "GER"]
[SourceTitle "Corr 2015"]
[Source "ChessBase"]
[SourceDate "2015.07.17"]
[SourceVersion "1"]
[SourceVersionDate "2015.07.17"]
[SourceQuality "1"]

1. Nf3 d5 2. d4 Nf6 3. c4 c6 4. e3 Bf5 5. Nc3 e6 6. Nh4 Bg6 7. Nxg6 hxg6 8. h3 Bd6 9. Bd2 Nbd7 10. c5 Bc7 11. Bd3 e5 12. 0-0 e4 13. Be2 Bb8 14. f4 exf3 15. Rxf3 Qc7 16. Bd3 g5 17. Kf2 g4 18. hxg4 Nxg4+ 19. Ke2 Ndf6 20. e4 Qe7 21. Rh3 Rh5 22. Qc2 dxe4 23. Bxe4 Bc7 24. Bg5 Rxg5 25. Rh8+ Kd7 26. Rxa8 Rf5 27. Rf1 Rxf1 28. Kxf1 Ne3+ 29. Kg1 Nxc2 30. Bf5+ Qe6 31. Bxe6+ fxe6 32. Rxa7 Nxd4 33. Rxb7 Nd5 34. Kf1 e5 35. Ne4 Nb5 36. a4 Kc8 37. Rxb5 cxb5 38. axb5 Nf4 39. g3 Nd3 40. b6 Bd8 0-1

[Event "SA-2014-0-00424"]
[Site "LSS email"]
[Date "2014.08.15"]
[Round "?"]
[White "Eshuis, Johannes"]
[Black "Susla, Vitaliy"]
[Result "1/2-1/2"]
[WhiteElo "2055"]
[BlackElo "2144"]
[PlyCount "36"]
[EventDate "2014.07.28"]
[EventType "tourn (corr)"]
[EventRounds "6"]
[EventCountry "GER"]
[SourceTitle "Corr 2015"]
[Source "ChessBase"]
[SourceDate "2015.07.17"]
[SourceVersion "1"]
[SourceVersionDate "2015.07.17"]
[SourceQuality "1"]

1. e4 c5 2. Nf3 d6 3. d4 cxd4 4. Nxd4 Nf6 5. Nc3 a6 6. Bg5 Nbd7 7. f4 Qc7 8. Qf3 b5 9. 0-0-0 Bb7 10. Bd3 g6 11. Nd5 Nxd5 12. exd5 Bg7 13. Rhe1 Bf6 14. Nc6 Bxg5 15. fxg5 Bxc6 16. dxc6 Ne5 17. Rxe5 dxe5 18. Bxg6 hxg6 1/2-1/2

[Event "SA-2014-0-00424"]
[Site "LSS email"]
[Date "2014.08.14"]
[Round "?"]
[White "Husemann, Andreas"]
[Black "Eshuis, Johannes"]
[Result "1/2-1/2"]
[WhiteElo "2086"]
[BlackElo "2055"]
[PlyCount "69"]
[EventDate "2014.07.28"]
[EventType "tourn (corr)"]
[EventRounds "6"]
[EventCountry "GER"]
[SourceTitle "Corr 2015"]
[Source "ChessBase"]
[SourceDate "2015.07.17"]
[SourceVersion "1"]
[SourceVersionDate "2015.07.17"]
[SourceQuality "1"]

1. d4 d5 2. c4 c6 3. Nf3 Nf6 4. Nc3 e6 5. e3 Nbd7 6. Bd3 dxc4 7. Bxc4 b5 8. Bd3 a6 9. e4 c5 10. d5 Qc7 11. 0-0 Bb7 12. Bc2 c4 13. dxe6 fxe6 14. Nd4 Nc5 15. Be3 e5 16. Nf5 g6 17. Nh6 Bg7 18. Qf3 Ne6 19. Qh3 Qd7 20. Qh4 Qe7 21. Rad1 Nd5 22. Qxe7+ Nxe7 23. Rfe1 Nf4 24. g3 Bxh6 25. gxf4 Bxf4 26. Bxf4 exf4 27. Rd6 Nc6 28. Red1 0-0 29. Nd5 Rf7 30. Nb6 Re8 31. Nd7 Kg7 32. Nc5 Ne5 33. Ne6+ Kh6 34. Nd8 Rc7 35. Nxb7 1/2-1/2

[Event "SA-2014-0-00424"]
[Site "LSS email"]
[Date "2014.08.14"]
[Round "?"]
[White "Sorcinelli, Andrea"]
[Black "Eshuis, Johannes"]
[Result "1/2-1/2"]
[WhiteElo "2110"]
[BlackElo "2055"]
[PlyCount "51"]
[EventDate "2014.07.28"]
[EventType "tourn (corr)"]
[EventRounds "6"]
[EventCountry "GER"]
[SourceTitle "Corr 2015"]
[Source "ChessBase"]
[SourceDate "2015.07.17"]
[SourceVersion "1"]
[SourceVersionDate "2015.07.17"]
[SourceQuality "1"]

1. e4 e6 2. d4 d5 3. Nc3 Bb4 4. e5 c5 5. a3 Bxc3+ 6. bxc3 Ne7 7. Qg4 cxd4 8. Qxg7 Rg8 9. Qxh7 Qc7 10. Ne2 Nbc6 11. f4 dxc3 12. Qd3 d4 13. Nxd4 Nxd4 14. Qxd4 Bd7 15. Rg1 Nf5 16. Qf2 Qc6 17. Bd3 Qd5 18. Be3 Nxe3 19. Qxe3 Rxg2 20. Rxg2 Qxg2 21. Be4 Qxh2 22. 0-0-0 Bc6 23. Kb1 Bxe4 24. Qxe4 Qf2 25. Qa4+ Kf8 26. Qb4+ 1/2-1/2

[Event "SA-2014-0-00424"]
[Site "LSS email"]
[Date "2014.08.14"]
[Round "?"]
[White "Zielinski, Sergej"]
[Black "Eshuis, Johannes"]
[Result "1/2-1/2"]
[WhiteElo "2145"]
[BlackElo "2055"]
[PlyCount "76"]
[EventDate "2014.07.28"]
[EventType "tourn (corr)"]
[EventRounds "6"]
[EventCountry "GER"]
[SourceTitle "Corr 2015"]
[Source "ChessBase"]
[SourceDate "2015.07.17"]
[SourceVersion "1"]
[SourceVersionDate "2015.07.17"]
[SourceQuality "1"]

1. c4 e5 2. Nc3 Nc6 3. Nf3 f5 4. g3 Nf6 5. d3 Bb4 6. Bg2 Bxc3+ 7. bxc3 d6 8. 0-0 0-0 9. Rb1 Qe8 10. Bg5 Qh5 11. Bxf6 Rxf6 12. e3 Rb8 13. Nh4 Qxd1 14. Rfxd1 Na5 15. f4 b6 16. Bd5+ Kf8 17. c5 exf4 18. cxb6 axb6 19. exf4 h6 20. Re1 g6 21. Kf2 Nb7 22. d4 Na5 23. Ng2 Ba6 24. Rb4 c6 25. Bf3 d5 26. a4 Nc4 27. h4 Rd8 28. h5 gxh5 29. Ne3 c5 30. Rb3 Nd2 31. Nxd5 Nxf3 32. Nxf6 Nxe1 33. Kxe1 cxd4 34. cxd4 h4 35. gxh4 Rxd4 36. Rxb6 Rxa4 37. h5 Bc4 38. Nd7+ Ke7 1/2-1/2

[Event "RA-2014-0-00339"]
[Site "LSS email"]
[Date "2014.08.03"]
[Round "?"]
[White "Eshuis, Johannes"]
[Black "Koch, Christian"]
[Result "1/2-1/2"]
[WhiteElo "2055"]
[BlackElo "2139"]
[PlyCount "60"]
[EventDate "2014.07.10"]
[EventType "tourn (corr)"]
[EventRounds "6"]
[EventCountry "GER"]
[SourceTitle "Corr 2015"]
[Source "ChessBase"]
[SourceDate "2015.07.17"]
[SourceVersion "1"]
[SourceVersionDate "2015.07.17"]
[SourceQuality "1"]

1. c4 e5 2. g3 Nf6 3. Bg2 d5 4. cxd5 Nxd5 5. Nc3 Nb6 6. Nf3 Nc6 7. 0-0 Be7 8. a3 0-0 9. b4 Be6 10. Rb1 f6 11. d3 a5 12. b5 Nd4 13. Nd2 Qc8 14. e3 Nf5 15. Qc2 a4 16. Re1 Rd8 17. Bf1 Bf7 18. Nce4 Nd6 19. Bg2 Nxe4 20. Bxe4 Bd5 21. d4 Bxe4 22. Qxe4 f5 23. Qc2 e4 24. Nc4 Nd5 25. Ne5 Bd6 26. Qe2 Qe6 27. Bb2 Nb6 28. Rec1 Qa2 29. Ra1 Qb3 30. Rc3 Qd5 1/2-1/2

[Event "RA-2014-0-00339"]
[Site "LSS email"]
[Date "2014.08.03"]
[Round "?"]
[White "Eshuis, Johannes"]
[Black "Salzmann, Stefan"]
[Result "1/2-1/2"]
[WhiteElo "2055"]
[BlackElo "2103"]
[PlyCount "56"]
[EventDate "2014.07.10"]
[EventType "tourn (corr)"]
[EventRounds "6"]
[EventCountry "GER"]
[SourceTitle "Corr 2015"]
[Source "ChessBase"]
[SourceDate "2015.07.17"]
[SourceVersion "1"]
[SourceVersionDate "2015.07.17"]
[SourceQuality "1"]

1. e4 c6 2. d4 d5 3. e5 Bf5 4. h4 h5 5. Bg5 Qb6 6. Bd3 Bxd3 7. Qxd3 e6 8. Nd2 c5 9. c3 Nc6 10. Ne2 Be7 11. 0-0 Bxg5 12. hxg5 Nge7 13. Nf3 Ng6 14. Rab1 h4 15. b4 c4 16. Qe3 Nce7 17. Kh2 Qa6 18. Qd2 b6 19. b5 Qb7 20. Rb2 a6 21. Rfb1 axb5 22. Rxb5 Nc8 23. Nf4 Nxf4 24. Qxf4 g6 25. Nxh4 Rxa2 26. g3 Rc2 27. Rc1 Rxc1 28. Qxc1 Na7 1/2-1/2

[Event "RA-2014-0-00339"]
[Site "LSS email"]
[Date "2014.08.03"]
[Round "?"]
[White "Willmann, Bernd"]
[Black "Eshuis, Johannes"]
[Result "0-1"]
[WhiteElo "2120"]
[BlackElo "2055"]
[PlyCount "70"]
[EventDate "2014.07.10"]
[EventType "tourn (corr)"]
[EventRounds "6"]
[EventCountry "GER"]
[SourceTitle "Corr 2015"]
[Source "ChessBase"]
[SourceDate "2015.07.17"]
[SourceVersion "1"]
[SourceVersionDate "2015.07.17"]
[SourceQuality "1"]

1. c4 Nf6 2. Nc3 e5 3. g3 Bb4 4. Bg2 0-0 5. Nf3 Nc6 6. 0-0 e4 7. Ng5 Bxc3 8. bxc3 Re8 9. f3 e3 10. d3 d5 11. cxd5 Nxd5 12. Ne4 f5 13. c4 Nf6 14. Nc3 f4 15. gxf4 Qd6 16. Ne4 Qxf4 17. Bb2 Nh5 18. Qe1 Bd7 19. Ng3 Nf6 20. Rc1 h5 21. c5 Be6 22. Ne4 h4 23. Kh1 h3 24. Bxh3 Bxh3 25. Rg1 Rxe4 26. dxe4 Ng4 27. Rg3 Nf2+ 28. Kg1 Rd8 29. Bxg7 Kf7 30. Qc3 Rd2 31. Qb3+ Be6 32. Qxb7 Nd8 33. Qb5 Nd3 34. Ra1 c6 35. Qb1 Qh4 0-1

[Event "SA-2014-0-00411"]
[Site "LSS email"]
[Date "2014.07.01"]
[Round "?"]
[White "Eshuis, Johannes"]
[Black "Milde, Lars"]
[Result "1/2-1/2"]
[WhiteElo "2143"]
[BlackElo "2160"]
[PlyCount "86"]
[EventDate "2014.05.15"]
[EventType "tourn (corr)"]
[EventRounds "6"]
[EventCountry "GER"]
[SourceTitle "Corr 2022"]
[Source "ChessBase"]
[SourceDate "2021.10.24"]
[SourceVersion "1"]
[SourceVersionDate "2021.10.24"]
[SourceQuality "1"]

1. e4 e5 2. Nf3 Nc6 3. d4 exd4 4. c3 d5 5. exd5 Qxd5 6. cxd4 Nf6 7. Nc3 Bb4 8. Be2 0-0 9. 0-0 Bxc3 10. bxc3 Bg4 11. h3 Bh5 12. c4 Qd6 13. Bb2 Rfe8 14. d5 Nb4 15. Nd4 Bxe2 16. Nxe2 Ne4 17. Rb1 b6 18. Nd4 Qd7 19. Qb3 Na6 20. Nc6 Nac5 21. Qc2 Nd6 22. Rbe1 Rxe1 23. Rxe1 Re8 24. Re2 a5 25. Be5 Ncb7 26. Bh2 Rxe2 27. Qxe2 Qe8 28. Kf1 Kf8 29. Qc2 Kg8 30. Bf4 f6 31. f3 h5 32. Nd4 Nc5 33. g3 Kf8 34. g4 g5 35. Bxd6+ cxd6 36. Qe2 Qe5 37. Qxe5 dxe5 38. Nb3 Nxb3 39. axb3 hxg4 40. hxg4 Ke7 41. Ke1 Kd6 42. Kd2 b5 43. Kc3 b4+ 1/2-1/2

[Event "SA-2014-0-00411"]
[Site "LSS email"]
[Date "2014.06.24"]
[Round "?"]
[White "Sciarretta, Robert W"]
[Black "Eshuis, Johannes"]
[Result "0-1"]
[WhiteElo "2066"]
[BlackElo "1857"]
[PlyCount "174"]
[EventDate "2014.05.15"]
[EventType "tourn (corr)"]
[EventRounds "6"]
[EventCountry "GER"]
[SourceTitle "Corr 2015"]
[Source "ChessBase"]
[SourceDate "2015.07.17"]
[SourceVersion "1"]
[SourceVersionDate "2015.07.17"]
[SourceQuality "1"]

1. d4 d5 2. c4 c6 3. Nc3 Nf6 4. Nf3 e6 5. Bg5 h6 6. Bh4 dxc4 7. a4 Bb4 8. e3 b5 9. Be2 Nbd7 10. 0-0 Qb6 11. Qc2 0-0 12. Rfd1 a5 13. Ne5 Nd5 14. Nxd7 Bxd7 15. Bf3 f5 16. h3 f4 17. exf4 Nxf4 18. Be4 Rab8 19. Kh1 Be8 20. f3 Nd5 21. Qc1 Qc7 22. axb5 Bxc3 23. b6 Qf4 24. Qxf4 Rxf4 25. Bg3 Bxb2 26. Bxd5 cxd5 27. Bxf4 Rxb6 28. Rxa5 c3 29. Ra8 c2 30. Re1 Kf7 31. Bc1 Ke7 32. Bxb2 Rxb2 33. Rc1 Rb1 34. Ra1 Bg6 35. Kg1 Rb4 36. Kf2 Rxd4 37. Ke3 Rb4 38. Kd2 h5 39. g4 h4 40. Ra7+ Kf6 41. Rc7 Rb3 42. Rf1 Rd3+ 43. Kc1 Rb3 44. Kd2 Rd3+ 45. Kc1 Re3 46. Kd2 d4 47. Rc8 e5 48. Ra1 Rd3+ 49. Ke2 Re3+ 50. Kd2 Kg5 51. Rf8 Rd3+ 52. Ke2 Bh7 53. Rc1 Re3+ 54. Kd2 Bd3 55. Ra1 Kh6 56. Rg1 Kg6 57. Rc1 e4 58. fxe4 Rxh3 59. e5 Be4 60. Rcf1 Re3 61. e6 h3 62. Rh8 Bg2 63. Rc1 Kg5 64. Rxc2 Rxe6 65. Rc7 g6 66. Rd7 Re4 67. Rg7 Rxg4 68. Kd3 Rf4 69. Kd2 Rf3 70. Rhh7 Ra3 71. Rd7 Kf4 72. Rxd4+ Kg3 73. Rg7 Ra6 74. Rd3+ Bf3 75. Rf7 Ra2+ 76. Ke3 Re2+ 77. Kd4 Re4+ 78. Kc3 Rf4 79. Rg7 Rf6 80. Rh7 h2 81. Rh6 g5 82. Rxf6 h1Q 83. Kb2 Qf1 84. Rc3 g4 85. Rd6 Kh4 86. Rdd3 Be4 87. Re3 Kg5 0-1

[Event "RA-2014-0-00326"]
[Site "LSS email"]
[Date "2014.05.24"]
[Round "?"]
[White "Dehaybe, Andre"]
[Black "Eshuis, Johannes"]
[Result "1-0"]
[WhiteElo "2185"]
[BlackElo "2141"]
[PlyCount "87"]
[EventDate "2014.04.27"]
[EventType "tourn (corr)"]
[EventRounds "6"]
[EventCountry "GER"]
[SourceTitle "Corr 2022"]
[Source "ChessBase"]
[SourceDate "2021.10.24"]
[SourceVersion "1"]
[SourceVersionDate "2021.10.24"]
[SourceQuality "1"]

1. d4 Nf6 2. c4 c5 3. d5 b5 4. cxb5 a6 5. bxa6 g6 6. a7 Rxa7 7. Nc3 Bg7 8. e4 0-0 9. Nf3 e6 10. Be2 exd5 11. exd5 d6 12. 0-0 Na6 13. Bb5 Bf5 14. Bf4 Qb8 15. a4 Nb4 16. Rc1 Rd8 17. Re1 h6 18. h3 Qa8 19. Bc4 g5 20. Bh2 Bg6 21. b3 Bh5 22. Bg3 Qc8 23. Nb5 Ra6 24. Qe2 Bg6 25. h4 g4 26. Nh2 Rb6 27. Nf1 h5 28. Nc3 Bh6 29. a5 Rb7 30. Ne3 Re7 31. a6 Qa8 32. Qd1 Bg7 33. Ra1 Ne8 34. Qd2 Nf6 35. Ra5 Bh6 36. Re2 Ra7 37. Qe1 Kh7 38. Qf1 Bg7 39. f3 Rad7 40. Be1 Kg8 41. Ra4 Nd3 42. fxg4 Nxg4 43. Nxg4 hxg4 44. Nb5 1-0

[Event "RA-2014-0-00326"]
[Site "LSS email"]
[Date "2014.05.24"]
[Round "?"]
[White "Eshuis, Johannes"]
[Black "Cimicki, Dariusz"]
[Result "1/2-1/2"]
[WhiteElo "2141"]
[BlackElo "2236"]
[PlyCount "93"]
[EventDate "2014.04.27"]
[EventType "tourn (corr)"]
[EventRounds "6"]
[EventCountry "GER"]
[SourceTitle "Corr 2022"]
[Source "ChessBase"]
[SourceDate "2021.10.24"]
[SourceVersion "1"]
[SourceVersionDate "2021.10.24"]
[SourceQuality "1"]

1. d4 Nf6 2. c4 e6 3. Nf3 c5 4. d5 b5 5. Bg5 Qa5+ 6. Nbd2 Be7 7. Qc2 bxc4 8. e4 exd5 9. exd5 h6 10. Bxf6 Bxf6 11. Bxc4 0-0 12. 0-0 d6 13. Rae1 Bd8 14. Re2 Nd7 15. Rfe1 Rb8 16. b3 Nb6 17. Qd3 Nxc4 18. Nxc4 Qc7 19. Re8 f5 20. Rxf8+ Kxf8 21. Nfd2 Bf6 22. g4 Qd8 23. gxf5 Bd4 24. Qg3 Bxf5 25. Nxd6 Bd7 26. N2c4 Kg8 27. Re4 Qc7 28. Rf4 Rf8 29. Rxf8+ Kxf8 30. Qg6 Kg8 31. Kg2 Qd8 32. Ne3 Qe7 33. Kf3 Bxe3 34. fxe3 Qf8+ 35. Kg2 h5 36. Nc4 Bg4 37. Qe4 Qf6 38. Qf4 Qc3 39. h3 Bd7 40. Qe4 Qc1 41. d6 Qe1 42. Qd5+ Kf8 43. Qf3+ Kg8 44. Qd5+ Kf8 45. Qa8+ Kf7 46. Qf3+ Kg8 47. Qd5+ 1/2-1/2